00695 2200193 4500001002100000005001500021035002000036245015200056100002600208250002100234300005700255856002900312700006400341260003600405082001000441084001600451020001800467600001600485INLIS00000000114624920260129100318 a0010-01260003251 aPENGARUH HUTAN DAN PENGELOLAAN DAERAH ALIRAN SUNGAI /cPenulis ; Ria Rosdiana Hutagaol, Desain Cover ; Ali Hasan Zein, Tata Letak ; Titis Yuliyanti0 aRia Rosdiana Hutagaol aCetakan pertamaa aviii 63 Halaman :bIlustrasi ;c15,5 x 23 cmeKertas aLaunge Walikota Makassar0 aDesain Cover ; Ali Hasan Zein, Tata Letak ; Titis Yuliyanti aYogyakarta :bDeepublish,c2019 a634.9 a634.9 RIA p a9786230202339 4aPengelolaan